| 000 | 01305nam a22002657a 4500 | ||
|---|---|---|---|
| 003 | OSt | ||
| 005 | 20220531084008.0 | ||
| 007 | ta | ||
| 008 | 210118b2018 dr ||||| |||| 001 0dspa d | ||
| 020 | _a9788409017959 | ||
| 040 |
_aDO-SdBNP _bspa _cBNPHU _dBNPHU |
||
| 041 | _hspa | ||
| 082 | 4 |
_aBNPHU _bA795a |
|
| 100 | 1 |
_925165 _aArvelo, Alejandro, _d1959- |
|
| 245 | 1 | 0 |
_aAristóteles o la precisión : _bapuntes a la pasión del que nombra. / _cDaniel Tejada , dirección y coordinación |
| 300 |
_a71 p. ; _c20 cm |
||
| 490 | 1 | _aEnsayo. | |
| 500 | _aIncluye datos biográficos del autor . | ||
| 504 | _aBibliografía : p. 69-71 | ||
| 505 | 1 |
_aEl imperialismo de precisión, ¿un requerimiento táctico para filosofar? : _tI. la propiedad y la exactitud, normas de hechos en Aristóteles. II. la lengua, ¿medio o causa eficiente del pensamiento? II. retórica, pensamiento e imperativo de precisión. IV. la delimitación rigurosa de matices, vínculo intangible entre lógica y retórica. V. modos, utilidad y conciencia del valor hermenéutico de la precisión terminológica en Aristóteles. |
|
| 505 | 1 | _aPrecisión como método y como reserva crítica de la humanidad en las actuales circunstancias. | |
| 505 | 1 | _aBibliografía. | |
| 710 | 1 |
_aTejada, Daniel, _ecoord. _977691 |
|
| 942 |
_2ddc _cLBS1 |
||
| 999 |
_c49331 _d49331 |
||